Crisis irreversible en la Iglesia Católica pero otra manera de ser iglesia también es posible /

Zapisane w:
Opis bibliograficzny
1. autor: Richard, Pablo
Format: Texto
Hasła przedmiotowe:
Etykiety: Dodaj etykietę
Nie ma etykietki, Dołącz pierwszą etykiete!

MARC

LEADER 00000 a a2200000 04500
001 11818
003
040
100 |a Richard, Pablo  
245 |a Crisis irreversible en la Iglesia Católica pero otra manera de ser iglesia también es posible /  |c Pablo Richard 
650 |a IGLESIA CATOLICA  
650 |a CRISIS  
650 |a PAPAS  
773 |g número 118; páginas 1-6  
999 |c 29741  |d 29741 
773 0 |0 41641  |9 2416  |a Departamento Ecuménico de Investigaciones (DEI)  |d San José, Costa Rica Departamento Ecuménico de Investigaciones (DEI)  |o 20213  |t Pasos /